| 000 | 01417cam a22003617a 4500 | ||
|---|---|---|---|
| 001 | 17712392 | ||
| 003 | Nust- CAS-E | ||
| 005 | 20180118181401.0 | ||
| 008 | 130426s2013 gw ab b 001 0 eng d | ||
| 010 | _a 2012540474 | ||
| 020 | _a9783527411870 | ||
| 020 | _a3527411879 | ||
| 035 | _a(OCoLC)ocn826677031 | ||
| 040 |
_aBTCTA _beng _cCUD _dOCLCO _dYDXCP _dIUI _dBWX _dDLC |
||
| 042 | _alccopycat | ||
| 050 | 0 | 0 |
_aTJ808 _b.R452 2013 |
| 082 |
_a333.79 _bREN 2013 |
||
| 245 | 0 | 0 |
_aRenewable energy : _bsustainable concepts for the energy change / _cedited by Roland Wengenmayr and Thomas Bührke. |
| 250 | _a2nd ed. | ||
| 260 |
_aWeinheim : _bWiley-VCH, _cc2013. |
||
| 300 |
_avi, 164 p. : _bcol. ill., col. maps ; _c29 cm. |
||
| 500 | _aOriginal ed. : c2008. | ||
| 504 | _aIncludes bibliographical references and index. | ||
| 650 | 0 | _aRenewable energy sources. | |
| 700 | 1 | _aWengenmayr, Roland. | |
| 700 | 1 |
_aBührke, Thomas, _d1956- |
|
| 856 | 4 | 2 |
_3Contributor biographical information _uhttp://www.loc.gov/catdir/enhancements/fy1310/2012540474-b.html |
| 856 | 4 | 2 |
_3Publisher description _uhttp://www.loc.gov/catdir/enhancements/fy1310/2012540474-d.html |
| 856 | 4 | 1 |
_3Table of contents only _uhttp://www.loc.gov/catdir/enhancements/fy1310/2012540474-t.html |
| 906 |
_a7 _bcbc _ccopycat _d2 _encip _f20 _gy-gencatlg |
||
| 942 |
_2ddc _cBK |
||
| 999 |
_c355409 _d355409 |
||